[Event "XXXI C.to Italiano seniores"]
[Site "Arvier ITA"]
[Date "2009.05.01"]
[Round "8"]
[White "Renzini, Lorenzo"]
[Black "Vaselli, Luciano"]
[Result "1-0"]
[WhiteElo "1812"]
[BlackElo "1764"]
[PlyCount "99"]
[EventDate "2009.04.24"]

1. c4 e6 2. Nf3 d5 3. cxd5 exd5 4. d4 Nf6 5. g3 c6 6. Bg2 Bb4+ 7. Nbd2 Bg4 8.
O-O Nbd7 9. Qb3 Qe7 10. e3 a5 11. a3 Bxd2 12. Nxd2 b5 13. Qc2 Qe6 14. Nf3 Bf5
15. Qe2 h6 16. b3 O-O 17. Bb2 a4 18. b4 Bg4 19. Qe1 Qf5 20. Nd2 Bh3 21. Rc1
Rac8 22. Rc3 Rfe8 23. Qc1 Bxg2 24. Kxg2 Re6 25. Qc2 Qh5 26. Qd1 Qg6 27. Nf3 Ne4
28. Rc1 Ng5 29. h4 Ne4 30. Nh2 f5 31. h5 Qg5 32. Rh1 Ndf6 33. Nf3 Qg4 34. Rh4
Qxh4 35. Nxh4 Ng4 36. Rc2 Nef6 37. Nxf5 Rce8 38. Bc1 Kh7 39. Nh4 Re4 40. Nf5
R8e6 41. Qd3 g6 42. hxg6+ Kxg6 43. Nh4+ Kg7 44. Re2 Nh5 45. Nf5+ Kf6 46. f3
Kxf5 47. fxe4+ dxe4 48. Qc2 Rg6 49. Qc5+ Kf6 50. Qxh5 1-0

[Event "XXXI C.to Italiano seniores"]
[Site "Arvier ITA"]
[Date "2009.05.01"]
[Round "8"]
[White "Rosino, Antonio"]
[Black "Maestri, Roberto"]
[Result "1-0"]
[WhiteElo "2258"]
[BlackElo "1570"]
[PlyCount "31"]
[EventDate "2009.04.24"]

1. e4 d6 2. d4 Nf6 3. Nc3 c6 4. f4 Qa5 5. Bd3 e5 6. Nf3 Bg4 7. Be3 Be7 8. O-O
O-O 9. Qe1 Nbd7 10. Nd5 Qxe1 11. Nxe7+ Kh8 12. Raxe1 Rae8 13. fxe5 dxe5 14.
dxe5 Bxf3 15. exf6 Nxf6 16. Rxf3 1-0

[Event "XXXI C.to Italiano seniores"]
[Site "Arvier ITA"]
[Date "2009.05.02"]
[Round "9"]
[White "Acunzo, Domenico"]
[Black "Deiana, Giacomo"]
[Result "0-1"]
[WhiteElo "1830"]
[BlackElo "1724"]
[PlyCount "80"]
[EventDate "2009.04.24"]

1. e4 c5 2. Nf3 d6 3. Be2 Nf6 4. c3 Nc6 5. d4 cxd4 6. cxd4 Nxe4 7. d5 Qa5+ 8.
Nc3 Nxc3 9. bxc3 Ne5 10. Nxe5 Qxc3+ 11. Bd2 Qxe5 12. Be3 Qc3+ 13. Bd2 Qc5 14.
Rb1 a6 15. O-O e6 16. Be3 Qxd5 17. Qc1 Qc6 18. Qb2 e5 19. Rfc1 Qd7 20. Bb6 Be7
21. Rc7 Qe6 22. f4 Bd8 23. Bc4 d5 24. Bxd5 Qxd5 25. Rc5 Qd4+ 26. Qxd4 exd4 27.
Re1+ Be6 28. Bxd8 Rxd8 29. f5 Kd7 30. fxe6+ fxe6 31. Rd1 Kd6 32. Rg5 e5 33.
Rxg7 Rd7 34. Rg3 Rf8 35. Rb3 Kd5 36. Rb6 e4 37. Rb4 d3 38. Rd2 Rc7 39. g4 Rc1+
40. Kg2 Rc2 0-1

[Event "XXXI C.to Italiano seniores"]
[Site "Arvier ITA"]
[Date "2009.05.02"]
[Round "9"]
[White "Barlocco, Carlo"]
[Black "Antonelli, Fabrizio"]
[Result "1/2-1/2"]
[WhiteElo "2131"]
[BlackElo "2024"]
[PlyCount "21"]
[EventDate "2009.04.24"]

1. d4 Nf6 2. c4 g6 3. Nc3 Bg7 4. e4 d6 5. Nf3 O-O 6. Be2 e5 7. O-O Nbd7 8. d5
Nc5 9. Nd2 a5 10. b3 Ne8 11. a3 1/2-1/2

[Event "XXXI C.to Italiano seniores"]
[Site "Arvier ITA"]
[Date "2009.05.02"]
[Round "9"]
[White "Centofante, Maria Rosa"]
[Black "Priori, Luigi"]
[Result "1/2-1/2"]
[WhiteElo "1603"]
[BlackElo "1806"]
[PlyCount "69"]
[EventDate "2009.04.24"]

1. d4 d5 2. Nf3 Nf6 3. c4 c6 4. Nc3 e6 5. Bg5 dxc4 6. e4 b5 7. e5 h6 8. exf6
hxg5 9. Nxg5 Qxf6 10. Nge4 Qd8 11. Be2 Bb7 12. Bf3 a6 13. a3 Nd7 14. b3 cxb3
15. Qxb3 Qc7 16. h3 c5 17. O-O c4 18. Qb2 Nb6 19. Rfd1 Nd5 20. Nxd5 Bxd5 21.
Rdc1 Rc8 22. Rc2 f6 23. Rc3 Rh4 24. Qe2 Kf7 25. Qe3 Qf4 26. g3 Qxe3 27. Rxe3
Rxh3 28. Kg2 Rh6 29. g4 Be7 30. Nc3 Bxf3+ 31. Rxf3 Bd8 32. Re1 Rh8 33. Re4 Re8
34. Re5 Bb6 35. d5 1/2-1/2

[Event "XXXI C.to Italiano seniores"]
[Site "Arvier ITA"]
[Date "2009.05.02"]
[Round "9"]
[White "Cesati Cassin, Giorgio"]
[Black "Bellia, Mario"]
[Result "1-0"]
[WhiteElo "1398"]
[BlackElo "1377"]
[PlyCount "103"]
[EventDate "2009.04.24"]

1. e4 g6 2. d4 Bg7 3. Nf3 d6 4. Bc4 Bg4 5. Be3 Nf6 6. Nc3 O-O 7. h3 Bd7 8. Qd2
Nc6 9. a3 e5 10. d5 Na5 11. Ba2 b5 12. O-O Nc4 13. Bxc4 bxc4 14. Bh6 Rb8 15.
Bxg7 Kxg7 16. Rab1 h6 17. Nh2 a5 18. f4 exf4 19. Rxf4 Nh5 20. Rf3 f5 21. exf5
Rxf5 22. Ng4 Rg5 23. Qd4+ Re5 24. Nxe5 dxe5 25. Qxe5+ Nf6 26. Rbf1 Rb6 27. Ne4
Bf5 28. Ng3 Qd6 29. Qxd6 Rxd6 30. Nxf5+ gxf5 31. Rxf5 Nxd5 32. Rf7+ Kg6 33.
R7f3 Rb6 34. Rg3+ Kh7 35. Rf7+ Kh8 36. Rf8+ Kh7 37. Rfg8 h5 38. R8g7+ Kh6 39.
R3g5 Rd6 40. c3 c6 41. Rg3 h4 42. R3g4 Rf6 43. Ra7 Ne3 44. Rxh4+ Kg5 45. Rhh7
Rf1+ 46. Kh2 Rf5 47. Rhg7+ Kf4 48. Rgf7 Nf1+ 49. Kg1 Ng3 50. Rxf5+ Nxf5 51.
Rxa5 Ne3 52. Ra6 1-0

[Event "XXXI C.to Italiano seniores"]
[Site "Arvier ITA"]
[Date "2009.05.02"]
[Round "9"]
[White "Colombo, Paolo"]
[Black "Giani, Franco"]
[Result "1-0"]
[WhiteElo "2138"]
[BlackElo "2004"]
[PlyCount "81"]
[EventDate "2009.04.24"]

1. e4 c5 2. Nf3 Nc6 3. d4 cxd4 4. Nxd4 g6 5. Be2 Bg7 6. Be3 Nf6 7. Nc3 O-O 8.
O-O a6 9. f3 d6 10. Qd2 Nxd4 11. Bxd4 Bd7 12. a4 h6 13. Rfd1 Rc8 14. a5 Qe8 15.
Ra3 Be6 16. Na4 Nd7 17. Bxg7 Kxg7 18. Rc3 Kh7 19. b3 f6 20. Re3 Qd8 21. c4 Bf7
22. f4 Nc5 23. Nb6 Rb8 24. b4 Nd7 25. Nd5 b6 26. axb6 Nxb6 27. Rh3 Nxd5 28.
exd5 Qb6+ 29. Kh1 Qxb4 30. Qe3 Kg7 31. Bd3 Rbe8 32. g4 e6 33. f5 g5 34. fxe6
Bg6 35. Rb1 Qxb1+ 36. Bxb1 Bxb1 37. Qa7+ Kg6 38. Re3 Ra8 39. e7 Rfe8 40. Qd7 a5
41. Qxd6 1-0

[Event "XXXI C.to Italiano seniores"]
[Site "Arvier ITA"]
[Date "2009.05.02"]
[Round "9"]
[White "De Polzer, Manfredi"]
[Black "Incelli, Renato"]
[Result "1-0"]
[WhiteElo "1813"]
[BlackElo "1487"]
[PlyCount "99"]
[EventDate "2009.04.24"]

1. e4 c6 2. d4 d5 3. Bd3 dxe4 4. Bxe4 Nf6 5. Bf3 Bf5 6. Ne2 e6 7. O-O Be7 8. c4
O-O 9. Nbc3 Bg4 10. Bxg4 Nxg4 11. Nf4 Nf6 12. Qf3 Qxd4 13. b3 Qb6 14. Bb2 Nbd7
15. Rfe1 Nc5 16. Ba3 Rfd8 17. b4 Ncd7 18. c5 Qc7 19. Rad1 Ne5 20. Qg3 Rxd1 21.
Nxd1 Ng6 22. Nxg6 Qxg3 23. Nxe7+ Kf8 24. hxg3 Kxe7 25. Bb2 Rd8 26. f3 Rd2 27.
Kf1 g6 28. g4 Nd5 29. g5 Nf4 30. Bc1 Rd4 31. Bxf4 Rxf4 32. Re4 Rf5 33. f4 Rd5
34. Ke2 f5 35. gxf6+ Kxf6 36. g4 h5 37. Ne3 Rd8 38. gxh5 gxh5 39. Re5 Rh8 40.
Kf3 h4 41. Ng4+ Ke7 42. f5 h3 43. Rxe6+ Kd8 44. Kg3 h2 45. Nxh2 Rg8+ 46. Ng4
Kd7 47. Kf4 Rh8 48. Kg5 Rh1 49. Ne5+ Kd8 50. f6 1-0

[Event "XXXI C.to Italiano seniores"]
[Site "Arvier ITA"]
[Date "2009.05.02"]
[Round "9"]
[White "De Zaiacomo, Tonino"]
[Black "Facchini, Roberto"]
[Result "1-0"]
[WhiteElo "1787"]
[BlackElo "1600"]
[PlyCount "89"]
[EventDate "2009.04.24"]

1. d4 Nf6 2. c4 e6 3. Nc3 Bb4 4. Bd2 b6 5. Nf3 Bb7 6. e3 Bxc3 7. Bxc3 O-O 8.
Bd3 Be4 9. O-O d6 10. Qe2 Nbd7 11. Ng5 Bxd3 12. Qxd3 h6 13. Nf3 Qe7 14. b4 Rad8
15. Qc2 c5 16. e4 Rc8 17. e5 dxe5 18. dxe5 Nh7 19. b5 Rfd8 20. Rfd1 Ndf8 21. h4
Rd7 22. Rxd7 Nxd7 23. Rd1 Rc7 24. a4 Nhf8 25. a5 Nb8 26. axb6 axb6 27. Rd6 Rb7
28. Rd3 Qc7 29. Nh2 Nbd7 30. Ng4 h5 31. Nh6+ gxh6 32. Rg3+ Kh8 33. Qd2 Kh7 34.
Qe2 Ng6 35. Qxh5 Qd8 36. Qf3 Ndxe5 37. Qxb7 Qxh4 38. Qb8 Ng4 39. Rf3 Qe7 40.
Rg3 h5 41. Rh3 Qg5 42. f4 Qf5 43. Be1 Nxf4 44. Rf3 e5 45. Qc7 1-0

[Event "XXXI C.to Italiano seniores"]
[Site "Arvier ITA"]
[Date "2009.05.02"]
[Round "9"]
[White "Di Terlizzi, Domenico"]
[Black "Renzini, Lorenzo"]
[Result "1/2-1/2"]
[WhiteElo "1688"]
[BlackElo "1812"]
[PlyCount "85"]
[EventDate "2009.04.24"]

1. d4 Nf6 2. Nf3 g6 3. Bf4 Bg7 4. h3 d6 5. e3 O-O 6. Bd3 Nbd7 7. Nc3 c5 8. O-O
b6 9. Re1 Bb7 10. a4 a6 11. Nd2 d5 12. Nf3 Ne4 13. Ra3 Nxc3 14. bxc3 c4 15. Be2
b5 16. Qa1 Re8 17. axb5 axb5 18. Rb1 Qb6 19. Rxa8 Rxa8 20. Qb2 Bc6 21. Qb4 Bf8
22. Ne5 Nxe5 23. Bxe5 f6 24. Bg3 e5 25. Qb2 Ba3 26. Qa2 Bc1 27. Qxa8+ Bxa8 28.
Rxc1 e4 29. Bh2 Qa5 30. Rb1 Bc6 31. Bd6 Qxc3 32. Bd1 Qe1+ 33. Kh2 Qxf2 34. Ra1
Qf5 35. Bg4 Qf2 36. Be6+ Kg7 37. Ra7+ Kh6 38. Bf4+ g5 39. Bd6 f5 40. Bf7 Kg7
41. Be6+ Kf6 42. Bg8 g4 43. Be7+ 1/2-1/2

[Event "XXXI C.to Italiano seniores"]
[Site "Arvier ITA"]
[Date "2009.05.02"]
[Round "9"]
[White "Fisauli, Francesco"]
[Black "Moretti, Mario"]
[Result "1-0"]
[WhiteElo "1832"]
[BlackElo "1500"]
[PlyCount "77"]
[EventDate "2009.04.24"]

1. e4 e5 2. Nf3 f6 3. d3 d6 4. Nc3 Bg4 5. Be2 Bxf3 6. Bxf3 Nc6 7. a3 Nge7 8.
Bd2 d5 9. exd5 Nd4 10. Be3 Nxf3+ 11. Qxf3 Nc8 12. Ne4 Nd6 13. O-O b6 14. c4 Rb8
15. b4 Rb7 16. Rfe1 Be7 17. Qg4 O-O 18. Nxd6 cxd6 19. Qe6+ Rf7 20. f4 Qd7 21.
Qxd7 Rxd7 22. Re2 exf4 23. Bxf4 g5 24. Bd2 f5 25. Bc3 f4 26. Rae1 h6 27. Re6
Kh7 28. a4 Bd8 29. b5 Be7 30. a5 Bd8 31. Ra1 g4 32. Bd2 Bf6 33. Rf1 Bd4+ 34.
Kh1 Be3 35. Bc3 g3 36. Rf3 Rf5 37. Rexe3 Rh5 38. Re2 Rxh2+ 39. Kg1 1-0

[Event "XXXI C.to Italiano seniores"]
[Site "Arvier ITA"]
[Date "2009.05.02"]
[Round "9"]
[White "Fragni, Enrico"]
[Black "Oteri, Aldo"]
[Result "0-1"]
[WhiteElo "1751"]
[BlackElo "1832"]
[PlyCount "68"]
[EventDate "2009.04.24"]

1. c4 e5 2. Nc3 Nf6 3. d3 c6 4. Bg5 Bb4 5. a3 Bxc3+ 6. bxc3 d6 7. h3 Nbd7 8. e4
Qa5 9. Bd2 O-O 10. Nf3 Nc5 11. Be2 Ne8 12. g4 Nc7 13. O-O N7e6 14. a4 Nf4 15.
Bxf4 exf4 16. Qc2 Re8 17. Nd4 Ne6 18. Nf5 Qd8 19. Kg2 c5 20. d4 cxd4 21. Nxd4
Nc5 22. Bf3 Be6 23. Qe2 Bd7 24. Qc2 Re5 25. Ne2 Qg5 26. Rfd1 h5 27. Rd5 hxg4
28. hxg4 Bxg4 29. Bxg4 Qxg4+ 30. Kf1 Qh3+ 31. Ke1 Qh1+ 32. Kd2 Nxe4+ 33. Qxe4
Qxe4 34. Rxe5 dxe5 0-1

[Event "XXXI C.to Italiano seniores"]
[Site "Arvier ITA"]
[Date "2009.05.02"]
[Round "9"]
[White "Gardi, Giuseppe"]
[Black "Pettarini, Renato"]
[Result "1-0"]
[WhiteElo "2008"]
[BlackElo "1738"]
[PlyCount "127"]
[EventDate "2009.04.24"]

1. d4 Nf6 2. Nf3 e6 3. e3 b6 4. Bd3 Bb7 5. O-O Be7 6. b3 O-O 7. Bb2 d5 8. Nbd2
Nbd7 9. Ne5 c5 10. f4 Ne4 11. Qe2 f5 12. Rad1 Rc8 13. Nxd7 Qxd7 14. Bxe4 fxe4
15. dxc5 Qc6 16. c4 bxc5 17. Rc1 Rcd8 18. Rce1 Bf6 19. Bc1 Bc3 20. Rd1 d4 21.
Nb1 d3 22. Qf2 Bf6 23. Nd2 Qa6 24. a4 Qb6 25. g4 Bc3 26. Qg2 Bxd2 27. Bxd2 Bc6
28. Rb1 Qc7 29. Bc3 Qd7 30. Rb2 Rb8 31. Be5 Rb7 32. Rd1 Rf7 33. Qd2 Rf8 34. Qa5
Qe7 35. g5 Rd8 36. h4 h6 37. Kf2 hxg5 38. hxg5 Rf8 39. Rg1 Rf5 40. Ke1 Rd7 41.
Rh2 Rb7 42. Rb2 g6 43. Qc3 Qh7 44. Kd1 Qh5+ 45. Kc1 Qf3 46. Qd2 Rff7 47. Kb1
Rh7 48. Ka2 Rh3 49. Re1 Qg3 50. Qa5 Rd7 51. Bc3 Rh2 52. Rxh2 Qxh2+ 53. Bd2 Kf7
54. Ka3 Rb7 55. Rd1 Qh8 56. Bc3 Qb8 57. Rb1 Qe8 58. Rh1 e5 59. Bxe5 Ke6 60. Rh8
Qd7 61. Rh2 Kf5 62. Qd2 Rb6 63. Qg2 Ke6 64. Qg4+ 1-0

[Event "XXXI C.to Italiano seniores"]
[Site "Arvier ITA"]
[Date "2009.05.02"]
[Round "9"]
[White "Jeanrenaud, Antonia"]
[Black "Lisandri, Luigi"]
[Result "1-0"]
[WhiteElo "1455"]
[BlackElo "1458"]
[PlyCount "91"]
[EventDate "2009.04.24"]

1. e4 e6 2. Nf3 b6 3. d4 Ba6 4. Nbd2 Qc8 5. Be2 Bxe2 6. Qxe2 Qa6 7. c4 Bb4 8.
O-O Bxd2 9. Bxd2 Ne7 10. Rfe1 O-O 11. b3 h6 12. Bc3 Ng6 13. Qe3 Nc6 14. Bb2
Rfe8 15. Qc3 Qa5 16. Qc2 Qh5 17. a3 Nh4 18. Nxh4 Qxh4 19. Qc3 f6 20. Qf3 Rf8
21. Re3 Qg5 22. d5 Ne5 23. Qg3 Rf7 24. f4 Qxg3 25. Rxg3 Nxc4 26. bxc4 Kh7 27.
Rf3 Re8 28. e5 f5 29. d6 c5 30. Rb3 Rb8 31. a4 a5 32. Ba3 Rff8 33. Rb5 Rb7 34.
Bxc5 Rfb8 35. Bf2 g5 36. fxg5 hxg5 37. c5 Rc8 38. cxb6 Rc2 39. Rxa5 f4 40. Ra7
Rxa7 41. bxa7 Rc8 42. Rb1 Kg6 43. Rb7 Rc1+ 44. Be1 Rxe1+ 45. Kf2 Rxe5 46. a8=Q
1-0

[Event "XXXI C.to Italiano seniores"]
[Site "Arvier ITA"]
[Date "2009.05.02"]
[Round "9"]
[White "Maestri, Roberto"]
[Black "D'Aulisa, Francesco"]
[Result "0-1"]
[WhiteElo "1570"]
[BlackElo "1755"]
[PlyCount "124"]
[EventDate "2009.04.24"]

1. e4 d6 2. d4 e6 3. Nf3 h6 4. Nc3 a6 5. Bd3 Nd7 6. Be3 Ne7 7. Qe2 b6 8. O-O-O
Bb7 9. h3 g5 10. g4 Ng6 11. Qd2 Qf6 12. Nh2 e5 13. Be2 Nf4 14. Nf3 O-O-O 15. h4
Bg7 16. hxg5 hxg5 17. Bxf4 Qxf4 18. Qxf4 gxf4 19. Ng5 Rdf8 20. Nd5 Bxd5 21.
exd5 Kb7 22. dxe5 Bxe5 23. c4 Nc5 24. b3 Bf6 25. Nh7 Re8 26. Bf3 Be5 27. Rh5
Reg8 28. g5 Rg7 29. Rdh1 Nd3+ 30. Kd2 Nc5 31. Nf6 Rxh5 32. Rxh5 a5 33. Ng4 Ka6
34. Nxe5 dxe5 35. g6 f6 36. Bg4 Rxg6 37. Bc8+ Ka7 38. Rh7 Rg8 39. Be6 Nxe6 40.
dxe6 Kb7 41. Kd3 f5 42. Rf7 Rd8+ 43. Ke2 Re8 44. Rf6 Re7 45. Rxf5 Rxe6 46. Kf3
Kc6 47. Ke4 Kd6 48. a4 c6 49. Rf8 Kc5 50. Rd8 Rd6 51. Rh8 Rd2 52. f3 Rb2 53.
Kxe5 Rxb3 54. Kxf4 Kxc4 55. Re8 Kd5 56. Re5+ Kd6 57. Re3 Rb4+ 58. Re4 Rxe4+ 59.
Kxe4 b5 60. Kd4 c5+ 61. Kc3 b4+ 62. Kc4 Ke5 0-1

[Event "XXXI C.to Italiano seniores"]
[Site "Arvier ITA"]
[Date "2009.05.02"]
[Round "9"]
[White "Piazza, Giacomo"]
[Black "Di Cicco, Daniela"]
[Result "0-1"]
[WhiteElo "1441"]
[BlackElo "1589"]
[PlyCount "94"]
[EventDate "2009.04.24"]

1. g4 d5 2. h3 e6 3. e3 h6 4. c4 Nf6 5. Nc3 Be7 6. Qa4+ c6 7. cxd5 exd5 8. d3
O-O 9. Bd2 Be6 10. Nf3 Qc7 11. g5 hxg5 12. Nxg5 Bf5 13. O-O-O Nbd7 14. Qh4 Nh7
15. f4 Qd8 16. Qg3 Bxg5 17. fxg5 Qxg5 18. Qf2 Qf6 19. Rg1 Rfe8 20. Rg3 Bg6 21.
Qh2 Re5 22. Be2 Rae8 23. Rf1 Rf5 24. Rgf3 Rxf3 25. Rxf3 Qe5 26. Qf2 Ng5 27. d4
Qe6 28. Rg3 Ne4 29. Qg1 Nxg3 30. Qxg3 Qf5 31. e4 dxe4 32. Bg4 Qf1+ 33. Kc2 e3+
34. Kb3 exd2 35. Bxd7 Bc2+ 36. Kxc2 Qc1+ 37. Kb3 d1=Q+ 38. Nxd1 Qxd1+ 39. Ka3
Rf8 40. Qh4 Qd3+ 41. b3 g6 42. Qg4 Rd8 43. h4 Kf8 44. d5 Qxd5 45. Bc8 Qa5+ 46.
Qa4 Qxa4+ 47. Kxa4 Rxc8 0-1

[Event "XXXI C.to Italiano seniores"]
[Site "Arvier ITA"]
[Date "2009.05.02"]
[Round "9"]
[White "Pipitone, Antonio"]
[Black "Faraci, Antonino"]
[Result "1/2-1/2"]
[WhiteElo "2024"]
[BlackElo "2012"]
[PlyCount "82"]
[EventDate "2009.04.24"]

1. e4 c5 2. Nf3 a6 3. c4 d6 4. d4 cxd4 5. Nxd4 Nf6 6. Nc3 e5 7. Nb3 Be7 8. Be2
Be6 9. Be3 Nbd7 10. O-O Rc8 11. Nd2 O-O 12. Kh1 Re8 13. Nd5 Bxd5 14. cxd5 Nc5
15. f3 b5 16. b3 Nfd7 17. a4 bxa4 18. b4 Nb3 19. Nxb3 axb3 20. Qxb3 Rb8 21.
Bxa6 Nc5 22. Bxc5 dxc5 23. b5 Rb6 24. Qc3 Bd6 25. Rae1 g5 26. g3 f6 27. g4 Re7
28. Kg2 Rg7 29. Rh1 Qc7 30. h4 gxh4 31. Rxh4 Rb8 32. Reh1 Rf8 33. Rh5 Rb8 34.
Rf5 Rg6 35. Ra1 Rb6 36. Qa5 Qb8 37. Kg3 Bc7 38. Rc1 Qf8 39. Qa2 Bd6 40. Rh1 h6
41. Qa5 Bc7 1/2-1/2

[Event "XXXI C.to Italiano seniores"]
[Site "Arvier ITA"]
[Date "2009.05.02"]
[Round "9"]
[White "Quagliarella, Sabino Remo"]
[Black "Garvani, Vittorio"]
[Result "1-0"]
[WhiteElo "1911"]
[BlackElo "1971"]
[PlyCount "61"]
[EventDate "2009.04.24"]

1. d4 d5 2. Nf3 e6 3. Bf4 Bd6 4. Ne5 Nd7 5. e3 Nxe5 6. dxe5 Bc5 7. Bd3 h5 8.
Nd2 g5 9. Bg3 h4 10. Qg4 hxg3 11. Qxg3 Be7 12. O-O-O c5 13. h4 c4 14. Be2 Kd7
15. Nxc4 b5 16. Nd6 Bxd6 17. Bxb5+ Kc7 18. exd6+ Kb6 19. Ba4 Nf6 20. Qe5 Kb7
21. Rd3 Nd7 22. Bxd7 Bxd7 23. Rb3+ Kc6 24. Rc3+ Kb7 25. Rc7+ Ka6 26. Qc3 Rxh4
27. Rxh4 gxh4 28. Qa3+ Kb6 29. Qb4+ Bb5 30. a4 a6 31. a5# 1-0

[Event "XXXI C.to Italiano seniores"]
[Site "Arvier ITA"]
[Date "2009.05.02"]
[Round "9"]
[White "Recubini, Dante"]
[Black "Brandi, Marcello"]
[Result "1/2-1/2"]
[WhiteElo "1472"]
[BlackElo "1381"]
[PlyCount "88"]
[EventDate "2009.04.24"]

1. e4 d5 2. exd5 Qxd5 3. Nc3 Qa5 4. Nf3 Bg4 5. Be2 c6 6. d3 Nf6 7. Bd2 Qc7 8.
a3 Bxf3 9. Bxf3 e6 10. h3 Nbd7 11. Bg5 h6 12. Bh4 Bd6 13. Qe2 O-O 14. Nd1 Rfe8
15. Ne3 Qd8 16. O-O Ne5 17. Bxf6 Qxf6 18. Ng4 Nxf3+ 19. Qxf3 Qxf3 20. gxf3 Rab8
21. Kh1 Kh7 22. Ne3 b5 23. b3 a5 24. a4 b4 25. Nc4 Bc7 26. Rg1 Rg8 27. Rae1
Rbe8 28. Rg4 Rd8 29. Nd2 Bb6 30. Rg2 Rd5 31. Nc4 Bc7 32. Ne3 Rd7 33. Nc4 Rd5
34. Rg4 Rd7 35. Ne5 Bxe5 36. Rxe5 Rd5 37. Rge4 Rgd8 38. Kg2 Rxe5 39. Rxe5 Rd5
40. f4 Rxe5 41. fxe5 Kg6 42. Kg3 Kf5 43. f4 f6 44. exf6 Kxf6 1/2-1/2

[Event "XXXI C.to Italiano seniores"]
[Site "Arvier ITA"]
[Date "2009.05.02"]
[Round "9"]
[White "Rosino, Antonio"]
[Black "Laco, Giuseppe"]
[Result "0-1"]
[WhiteElo "2258"]
[BlackElo "2133"]
[PlyCount "72"]
[EventDate "2009.04.24"]

1. e4 d5 2. exd5 Qxd5 3. Nc3 Qd8 4. d4 e6 5. Bc4 c6 6. Nf3 Nf6 7. Bg5 h6 8. Bh4
Bb4 9. Qd3 Qa5 10. Bxf6 gxf6 11. O-O Be7 12. Rfe1 Kf8 13. Ne4 Qc7 14. Bb3 a5
15. a3 a4 16. Ba2 b6 17. c4 f5 18. Nc3 Bf6 19. Ne5 Nd7 20. f4 Nxe5 21. fxe5 Bg7
22. Rad1 Bb7 23. Qe3 Kg8 24. d5 Bf8 25. d6 Qd8 26. c5 bxc5 27. Qxc5 Kh7 28. Qb4
Rb8 29. Nxa4 c5 30. Qxc5 Rg8 31. g3 Qh4 32. Rd3 Qxa4 33. Qc7 Qa7+ 34. Kf1 Bg7
35. Red1 Rbc8 36. Qxf7 Bg2+ 0-1

[Event "XXXI C.to Italiano seniores"]
[Site "Arvier ITA"]
[Date "2009.05.02"]
[Round "9"]
[White "Rossi, Giampiero"]
[Black "Papa, Angelo"]
[Result "1/2-1/2"]
[WhiteElo "1915"]
[BlackElo "1882"]
[PlyCount "82"]
[EventDate "2009.04.24"]

1. d4 g6 2. c4 Bg7 3. g3 Nf6 4. Bg2 O-O 5. Nc3 d6 6. Nf3 Nbd7 7. O-O e5 8. Qc2
c6 9. Rd1 Qc7 10. b3 Rd8 11. Ba3 exd4 12. Nxd4 Nc5 13. Rac1 Ne6 14. Nxe6 Bxe6
15. Bb2 Rac8 16. Qb1 Bh6 17. e3 Bg7 18. Nd5 Bxd5 19. cxd5 c5 20. e4 Re8 21. Re1
Qb6 22. Bc3 Nd7 23. Bxg7 Kxg7 24. Bh3 Rc7 25. Bxd7 Rxd7 26. Qb2+ f6 27. Re3
Rde7 28. Rce1 c4 29. Qc3 cxb3 30. Qxb3 Qxb3 31. axb3 f5 32. f3 Kf6 33. Ra1 a6
34. Ra4 fxe4 35. fxe4 Rc8 36. Rb4 Rc1+ 37. Kf2 Rec7 38. Rb6 Ke5 39. h4 h5 40.
Kf3 Rf1+ 41. Ke2 Rc8 1/2-1/2

[Event "XXXI C.to Italiano seniores"]
[Site "Arvier ITA"]
[Date "2009.05.02"]
[Round "9"]
[White "Schiappacasse, Marcello"]
[Black "Beltrami, Nerio"]
[Result "0-1"]
[WhiteElo "1920"]
[BlackElo "2057"]
[PlyCount "120"]
[EventDate "2009.04.24"]

1. e4 d6 2. d4 Nf6 3. Nc3 g6 4. Be3 Bg7 5. Qd2 c6 6. Nf3 O-O 7. Bh6 Nbd7 8.
Bxg7 Kxg7 9. Bd3 Qa5 10. O-O e5 11. Rad1 Re8 12. a3 Qc7 13. Rfe1 Nf8 14. h3 Be6
15. Ne2 Rad8 16. c4 c5 17. d5 Bd7 18. Ng3 h6 19. Rb1 a5 20. b4 axb4 21. axb4 b6
22. Ra1 Ra8 23. Qb2 Ba4 24. Ra3 Ra6 25. Rea1 Rea8 26. Bc2 b5 27. Bxa4 Rxa4 28.
bxc5 Qxc5 29. Rxa4 Rxa4 30. cxb5 Rb4 31. Qc1 Qxb5 32. Qe3 N8d7 33. Rc1 Rc4 34.
Rxc4 Qxc4 35. Nd2 Qc2 36. f3 Nc5 37. Kh2 Nd3 38. Ndf1 Nf4 39. Qd2 Qc5 40. Qe3
Qb5 41. Qd2 Nd7 42. Ne3 Nc5 43. Qc2 h5 44. Ngf1 h4 45. Qc4 Qb2 46. Qc2 Qd4 47.
Qc4 Qa1 48. Qc2 Ncd3 49. Qd1 Qa7 50. Qd2 Qe7 51. Qc2 Qg5 52. Qd2 Kh7 53. Kh1 f5
54. Kh2 Nc5 55. Qc2 Nfd3 56. Kh1 Qf4 57. Qc4 fxe4 58. Ng4 exf3 59. Qxf4 fxg2+
60. Kxg2 Nxf4+ 0-1

[Event "XXXI C.to Italiano seniores"]
[Site "Arvier ITA"]
[Date "2009.05.02"]
[Round "9"]
[White "Tribuiani, Renato"]
[Black "Di Cio', Enrico"]
[Result "1-0"]
[WhiteElo "2078"]
[BlackElo "1765"]
[PlyCount "135"]
[EventDate "2009.04.24"]

1. e4 e5 2. Bc4 Nf6 3. d3 h6 4. Nf3 Nc6 5. a3 d5 6. exd5 Nxd5 7. Qe2 Qd6 8. Bb5
f6 9. Nh4 Be6 10. Ng6 Rg8 11. Nc3 Nxc3 12. bxc3 O-O-O 13. O-O Bf7 14. Nxf8
Rgxf8 15. a4 Qe6 16. Qe3 a6 17. Bc4 Qe8 18. Ba3 Rh8 19. Qc5 Bxc4 20. Qxc4 Rd7
21. Rfb1 Qf7 22. Qc5 Qd5 23. Qe3 f5 24. Rb2 f4 25. Qh3 Qf7 26. Rab1 Nd8 27. c4
g5 28. Qf3 c6 29. Qe4 Re8 30. f3 h5 31. Bb4 g4 32. Bc3 Rde7 33. Bb4 Rd7 34. Bc3
Rde7 35. Re1 gxf3 36. Qxf3 e4 37. dxe4 Qxc4 38. Rb4 Qc5+ 39. Kf1 Qg5 40. e5 Qg4
41. Rxf4 Qxf3+ 42. Rxf3 Ne6 43. Rf5 Rh7 44. Re4 h4 45. h3 Ng7 46. Rf7 Nh5 47.
Rxh7 Ng3+ 48. Ke1 Nxe4 49. Bb2 Nd6 50. Rxh4 Nf5 51. Re4 Nd6 52. Rf4 b5 53. axb5
axb5 54. h4 Nc4 55. Bd4 c5 56. Bc3 Ne3 57. Rf2 b4 58. Ba1 Kd7 59. Re2 Nd5 60.
e6+ Rxe6 61. Rxe6 Kxe6 62. h5 Ne3 63. h6 Kf7 64. h7 Nxc2+ 65. Kd2 Nxa1 66. h8=Q
Nb3+ 67. Kd3 Nd4 68. Qh5+ 1-0

[Event "XXXI C.to Italiano seniores"]
[Site "Arvier ITA"]
[Date "2009.05.02"]
[Round "9"]
[White "Turturici, Pellegrino"]
[Black "Rotelli, Pietro"]
[Result "0-1"]
[WhiteElo "1977"]
[BlackElo "1970"]
[PlyCount "58"]
[EventDate "2009.04.24"]

1. e4 c6 2. d4 d5 3. Nc3 dxe4 4. Nxe4 Bf5 5. Ng3 Bg6 6. h4 h6 7. Nf3 Nd7 8. h5
Bh7 9. Bd3 Bxd3 10. Qxd3 e6 11. Bd2 Ngf6 12. O-O-O Bd6 13. Ne4 Nxe4 14. Qxe4
Nf6 15. Qe2 Qc7 16. g3 O-O-O 17. Rh4 Rhe8 18. Ne5 c5 19. Nc4 Be7 20. Bf4 Qc6
21. Qe5 Nd7 22. Nd6+ Kb8 23. Qxg7 Bxd6 24. Bxh6 Bf8 25. Bf4+ e5 26. Qxf7 exf4
27. h6 Bxh6 28. gxf4 Rf8 29. Qe7 Qf6 0-1

[Event "XXXI C.to Italiano seniores"]
[Site "Arvier ITA"]
[Date "2009.05.02"]
[Round "9"]
[White "Vaselli, Luciano"]
[Black "Breidenbach, Heinz"]
[Result "1/2-1/2"]
[WhiteElo "1764"]
[BlackElo "1522"]
[PlyCount "52"]
[EventDate "2009.04.24"]

1. d4 d5 2. c4 e6 3. Nc3 Nf6 4. Nf3 Be7 5. e3 O-O 6. Bd3 dxc4 7. Bxc4 a6 8. O-O
b5 9. Bd3 Bb7 10. Re1 c5 11. dxc5 Bxc5 12. a3 Nbd7 13. e4 Qc7 14. Be3 Bxe3 15.
Rxe3 Ne5 16. Nxe5 Qxe5 17. Qe2 Qh5 18. f3 Rac8 19. Kh1 Qc5 20. Rf1 Rfe8 21. e5
Nd5 22. Nxd5 Bxd5 23. f4 Bc4 24. Rh3 Bxd3 25. Qxd3 g6 26. Rhf3 Red8 1/2-1/2

[Event "VIII Festival Marco Gerolamo Vida A"]
[Site "Cremona ITA"]
[Date "2009.04.24"]
[Round "1"]
[White "Distratis, Gianluca"]
[Black "Sgargi, Giuseppe"]
[Result "1-0"]
[WhiteElo "1896"]
[BlackElo "2029"]
[PlyCount "121"]
[EventDate "2009.04.24"]

1. e4 c5 2. c3 d6 3. d4 cxd4 4. cxd4 Nf6 5. Nc3 Nc6 6. Nf3 e6 7. a3 Be7 8. Bd3
Bd7 9. O-O Qb6 10. Be3 Ng4 11. Bf4 e5 12. Nd5 Qd8 13. dxe5 dxe5 14. Bg3 Bd6 15.
Bb5 O-O 16. h3 Nh6 17. Bxc6 bxc6 18. Ne3 Qe7 19. Nc4 Bc7 20. Bxe5 Be6 21. Bd6
Bxd6 22. Qxd6 Qb7 23. Nfe5 Rfd8 24. Qxc6 Qxc6 25. Nxc6 Bxc4 26. Rfc1 Rd2 27.
Rxc4 Rxb2 28. Nxa7 f5 29. Nc6 fxe4 30. Rxe4 Rf8 31. f4 g5 32. fxg5 Rff2 33.
gxh6 Rxg2+ 34. Kf1 Rh2 35. Rg4+ Kf8 36. Rf4+ Ke8 37. Re1+ Kd7 38. Ne5+ Kc8 39.
Rc4+ Kd8 40. Nf7+ Kd7 41. Rd4+ Kc6 42. Ne5+ Kc5 43. Rg4 Rh1+ 44. Rg1 Rxg1+ 45.
Kxg1 Rb3 46. Ng4 Rxh3 47. Kg2 Rxa3 48. Re7 Kd6 49. Rxh7 Ke6 50. Rg7 Ra8 51. Kh3
Rb8 52. Kh4 Ra8 53. Kh5 Kf5 54. Rf7+ Ke6 55. Kg6 Ra4 56. Rf6+ Ke7 57. Kg7 Rxg4+
58. Rg6 Rf4 59. h7 Rf7+ 60. Kh6 Rf3 61. h8=Q 1-0